000 00998pam a2200277 a 4500
999 _c129886
_d129886
001 2015589
003 ARRUPE
005 20190924112035.0
008 910917s1992 nyua b 001 0 eng
010 _a 91032329
020 _a0671734199 :
_c$22.00 ($28.00 Can.)
040 _aDLC
_cDLC
_dDLC
050 0 0 _aHQ801
_b.H46 1995
082 0 0 _a306.7
_220
100 1 _aHendrix, Harville.
_948257
245 1 0 _aKeeping the love you find :
_ba singles person's guide to achieving lasting love/
_cHarville Hendrix.
260 _aLondon :
_bPocket Books,
_cc1995.
300 _axix, 329 p. :
_bill. ;
_c24 cm.
504 _aIncludes bibliographical references (p. 305-315) and index.
650 0 _aInterpersonal relations.
_948258
650 0 _aLove.
_948259
650 0 _aSingle people.
_948260
906 _a7
_bcbc
_corignew
_d1
_eocip
_f19
_gy-gencatlg
942 _2lcc
_cMONOGRAPH